Loading...
Fine Arts - Classical Music | 0 | 2 | 0 | 0 | 20 | 86 | 87.50 | 0 | 0 |
Science - Biology | 0 | 2 | 1 | 2 | 15 | 98 | 98.00 | 0 | 0 |
Fine Arts - Other Fine Arts | 0 | 2 | 1 | 0 | 15 | 52 | 71.00 | 0 | 2 |
Literature - British Literature | 0 | 1 | 0 | 0 | 10 | 75 | 75.00 | 0 | 1 |
Mythology | 0 | 1 | 0 | 0 | 10 | 69 | 69.00 | 0 | 0 |
Current Events | 0 | 1 | 0 | 0 | 10 | 47 | 47.00 | 0 | 0 |
History - American History | 0 | 1 | 0 | 0 | 10 | 60 | 60.00 | 0 | 0 |
History - European History | 0 | 1 | 0 | 0 | 10 | 58 | 58.00 | 0 | 0 |
Religion | 0 | 1 | 2 | 0 | 0 | 52 | 52.00 | 0 | 1 |
Science - Other Science | 0 | 0 | 1 | 0 | -5 | 0.00 | 0 | 0 | |
Literature - World Literature | 0 | 0 | 1 | 0 | -5 | 0.00 | 0 | 0 | |
Science - Chemistry | 0 | 0 | 2 | 0 | -10 | 0.00 | 0 | 0 | |
Painting/Sculpture | 0 | 0 | 3 | 0 | -15 | 0.00 | 0 | 0 |